|
|
|
|
| LEADER |
00000cam a2200000 a 4500 |
| 001 |
vtls001307003 |
| 003 |
SK-MaSNL |
| 005 |
20260425234628.0 |
| 008 |
180810s1753 xo 0 lat |
| 015 |
|
|
|a SNBHFA
|
| 035 |
|
|
|a SNK000259271
|
| 040 |
|
|
|a SNK
|b slo
|c SNK
|e AACR2
|
| 041 |
0 |
|
|a lat
|
| 044 |
|
|
|a xo
|c SK
|
| 072 |
|
7 |
|a 27-9
|x Dejiny kresťanskej cirkvi
|2 konspekt
|
| 072 |
|
7 |
|a 101
|x Filozofia
|2 konspekt
|
| 080 |
|
|
|a 27-9
|2 2011
|
| 080 |
|
|
|a 101
|2 2011
|
| 100 |
1 |
|
|a Sandini, Antonio,
|d 1692-1751
|4 aut
|9 288506
|
| 245 |
1 |
0 |
|a Disputationes Historicae Antonii Sandini
|b Ad Vitas Pontificum Romanorum Sapientissimo Auditorio Oblatae. Dum Sub Gratiosissimis Auspiciis Illustrissimi Domini Domini Comitis Thomae Szirmay De Szirma Bessenyő Et csernek &c.&c. Equitis Aurati, nec non Sacrae Caesareae Regiaeque Majestatis Consiliarii Camerarii, Domini, Domini Patroni, ac Moecenatis Munificentissimi In Conventu Eperiesiensi ad S. Joannem Baptistam, Anno 1753. Die 27. mensis Augusti, Universam Philosophiam peripatetico-Scotisticam
|c publice propugnarent. Venerabiles, ac Religiosi fratres. Fr. Cornelius Paulý, & Fr. Lambertus Slizansky Ordinis Minorum S. P. Francisci Conventualium provinciae Hungariae S. Elisabeth Clerici professi, & philosophiae Auditores Emeriti ; Praeside R. P. Bonifacio Hallinger Ejusdem Ordinis & Instituti AA. & Philosophiae Professore Ordinario
|
| 246 |
3 |
0 |
|a Conclusiones Peripatetico-Scotisticae Ex Universa Philosophia
|
| 260 |
|
|
|a Cassoviae
|b Typis Academicis Societatis Jesu
|c Anno MDCCLIII. [=1753]
|
| 300 |
|
|
|a [6], 272 s.
|c 17 cm
|
| 500 |
|
|
|a Vlysy. Ozdobné linky. Ozdobné iniciály. Vinety. Typografické ozdoby. Zložky. Kustody
|
| 504 |
|
|
|a Neživé záhlavie. Úvod. Poznámky pod textom
|
| 505 |
2 |
|
|a Prítl. 1
|t Conclusiones Peripatetico-Scotisticae Ex Universa Philosophia
|r publice propugnaret ... Cornelius Paulý, & Lambertus Slizansky ... Praeside Bonifacio Hallinger
|
| 610 |
2 |
7 |
|a Rímskokatolícka cirkev
|2 SNKKA
|9 32394
|
| 650 |
0 |
7 |
|a cirkevné dejiny
|2 SNKPH
|9 3909
|
| 650 |
0 |
7 |
|a filozofia
|2 SNKPH
|9 793
|
| 655 |
|
7 |
|a promočné tlače
|2 SNKPH
|9 73127
|
| 700 |
1 |
|
|a Hallinger, Bonifacio
|4 aut
|9 520330
|
| 700 |
1 |
|
|a Paulý, Cornelius
|4 dis
|9 364296
|
| 700 |
1 |
|
|a Slisansky, Lambertus
|4 dis
|9 364297
|
| 700 |
1 |
|
|a Sirmai, Tomáš
|4 pat
|9 396024
|
| 710 |
2 |
|
|a Akademická tlačiareň (Košice, Slovensko)
|4 prt
|9 218171
|
| 752 |
|
|
|a Slovensko
|d Košice
|
| 852 |
|
|
|a snk
|p SD 46938
|
| 958 |
|
|
|a ONDV
|
| 958 |
|
|
|a DD
|
| 999 |
|
|
|c 802427
|d 804357
|
| 952 |
|
|
|a SNK
|b SNK
|y PREZ
|7 0
|p 17A1485234
|o snkSD 46938 D1
|i snkF 3050/67
|8 5
|0 0
|1 0
|4 0
|d 2011-02-02
|l 0
|r 2026-02-24 02:11:47
|w 2026-02-24
|
| 952 |
|
|
|a SNK
|b SNK
|y PREZ
|7 0
|p 17A0099903
|o snkSD 46938
|i snkF 2103/67
|8 5
|0 0
|1 0
|4 0
|d 1997-10-22
|l 0
|r 2005-01-02 00:00:00
|w 2026-02-24
|